| 000 | 00785cam a2200229 4500 | ||
|---|---|---|---|
| 001 | ABS61537 | ||
| 008 | 000000n1999 000 0 eng u | ||
| 035 | _a(Sirsi) u101969 | ||
| 100 | _aHolmans, A. | ||
| 245 | _aFrom this day forward... | ||
| 260 | _c1999 | ||
| 490 |
_aHousing Today _v(159) 11 November 1999, 14-15(2) |
||
| 520 | _aAnalyses the latest government projections of household growth contained in the publication "Projections of households in England to 2021", and discusses reasons for the downward revision of these projections recently. | ||
| 590 | _aABS | ||
| 650 | _aHOUSEHOLD PROJECTIONS | ||
| 650 | _aFORECASTS | ||
| 650 | _aGOVERNMENT STATISTICS | ||
| 650 | _aHOUSEHOLD GROWTH | ||
| 650 | _aNEW HOMES | ||
| 690 | _aECONOMIC AND SOCIAL | ||
| 942 | _n0 | ||
| 999 |
_c61063 _d61063 |
||